Statistics for Cryptic European Capitals

Click here to take the quiz!

General Stats

  • This quiz has been taken 53 times
  • The average score is 5 of 17

Answer Stats

ClueAnswer% Correct
I hear you can wander free hereRome
80%
Grassy bovine?Moscow
66%
Insane and freeMadrid
57%
So slow for someOslo
45%
Unopened flower attracts an unwelcome insectBudapest
41%
The city to get plastered inParis
41%
Lions break up and surround beeLisbon
36%
I sit in couchSofia
36%
Ringer rankBelgrade
30%
Partly rigid but then loses identity and gains ARiga
25%
Mona's companyMonaco
20%
Some pull on DonaldLondon
18%
Group of orcas leave without Erica's headPodgorica
18%
Begin apple and then finish smallAthens
16%
Animals for apparel are mixed upMinsk
7%
English Glen has tea thanksValetta
7%
Sounds like bottom padding for old girlsBrussels
2%

Score Distribution

Percentile by Number Answered

Percent of People with Each Score

Your Score History

You have not taken this quiz